000 00790nam a2200181Ia 4500
008 100920s9999 xx 000 0 und d
082 _b64164
_a61 थ 50
100 _a---
245 _aमुंबई राज्याची आगे कूच शिक्षण 1.
260 _bमुंबई सरकारच्या प्रसिध्दी खात्याकडून प्रकाशित.
_c1950
300 _a50
_bसाधी
365 _b0.25
520 _aस्थानिक वाचन.
630 _aमुंबई राज्याची आगे कूच शिक्षण 1.
650 _aस्थानिक वाचन.
730 _aमुंबई राज्याची आगे कूच शिक्षण 1.
942 _cBOOK
999 _c707238
_d707235